000
00312 a2200157 4500
001
179196
020
_a
040
_c
Magnum
100
_a
Herrero, Carlos Edgard
240
1
0
_a
Jibobinha
_l
por
245
1
0
_a
Jibobinha
362
0
_a
1899
440
1
_a
Moderna
697
_a
MAGNITO: I/ANIMAIS
942
_c
BK
999
_c
179196
_d
179196